000 00505cam a22002171 4500
001 sa 64008100
003 DLC
005 20260227112052.0
008 890721s1963 ii 000 0 kano
010 _asa 64008100
035 _a(OCoLC)20053233
040 _aDLC
_cWaU
_dDLC
042 _apremarc
050 0 0 _aSD397.B17
_bC5
100 0 _aJa. Ca. Ni.,
_d1911-
245 1 0 _aBilvabinnāṇa.
260 _c[1963]
300 _avi, 55 p.
_c18 cm.
500 _aIn Kannada.
650 0 _aBael (Tree)
999 _c60690
_d60690